00612cam a2200205 i 4500001001300000003000400013005001700017008004100034010001700075025002000092040001800112050002200130100003800152245006300190260005200253300002100305546001300326650005000339999001700389sa 66004263 DLC20260227112241.0850313s1965 pk 000 0 urdo  asa 66004263  aPL480: P-U-1319 aDLCcDLCdDLC00aPK2173b.A18 19651 aʻAbdullāh, Sayyid,d1906-1986.10aMīr Amman se ʻAbdulḥaq tak /caz Sayyid ʻAbdullāh. aLāhaur :bMajlis-i Taraqqī-yi Adab,c[1965] a352 p. ;c21 cm. aIn Urdu. 0aUrdu prose literaturexHistory and criticism. c69302d69302